| 000 | 006480000a22001210004500 | ||
|---|---|---|---|
| 773 | 0 | _tThe whole world | |
| 100 | 1 | _aRamachandra, Vinoth. | |
| 245 | 1 | 0 | _aThe global public square. |
| 300 | _aVol.34, no.3 ( jul.,2010), p. 233-249 | ||
| 520 | _aEl mundo misonero conferencia que se reunió en Edinburgh en 1910 reconocida en el mundo como una sola unidad, unidad no simplemente científica (humano, una especie viviente sobre el planeta tierra) y tecnológicamente ( organicamente unida por los nervios, por cables eléctricos y telegráficos) pero teológicamente (creado y redimido a través de uno, Cristo). | ||
| 650 | 1 | 4 | _aTEOLOGÍA |
| 942 | _cANA | ||
| 999 |
_c63394 _d63394 |
||